000 00595nam a2200217Ia 4500
003 OSt
005 20220928135617.0
006 a|||||r|||| 00| 0
007 ta
008 220927b |||||||| |||| 00| 0 eng d
024 _a3744
037 _cTextual
040 _aSDCL
_cSDCL
_beng
041 _2eng
_aeng
082 _aX:5385p5,N82, M4
100 _aJacquemin Alexis Ed.
_9492022
245 0 _aEuropean industry
_b Public policy and corporate strategy
260 _c1984
942 _hX:5385p5,N82, M4
_cTEXL
_2CC
999 _c807477
_d807477